[Event "Summer Cup"]
[Site "Wellington Chess Club"]
[Date "2022.02.10"]
[Round "2.17"]
[White "Asher, Bruce"]
[Black "Scott, Callum"]
[Result "0-1"]
[WhiteElo "1166"]
[BlackElo "1690"]

1. e4 c5 2. Nc3 Nc6 3. Nf3 e6 4. Bc4 a6 5. a4 Qc7 6. g3 Nf6 7. d3 b6 8. Bf4 Bd6
9. Bxd6 Qxd6 10. O-O Bb7 11. Qe2 Ng4 12. h3 Nge5 13. Rfd1 O-O 14. Ra3 f5 15.
Qe3 Nxf3+ 16. Qxf3 Nd4 17. Qf4 Qxf4 18. gxf4 Nxc2 19. Rb3 Nb4 20. e5 Bc6 21. d4
h5 22. h4 Rab8 23. Ne2 b5 24. axb5 axb5 25. Bd3 Bd5 26. Rc3 c4 27. Bb1 Ra8 28.
Rg3 Ra1 29. Nc3 Bc6 30. Kh2 Nd5 31. Rdg1 Rf7 32. Nxd5 Bxd5 33. Rg5 Be4 34. Bxe4
Rxg1 35. Kxg1 fxe4 36. Kf1 Rxf4 37. Rxh5 e3 38. Rg5 Rxf2+ 39. Ke1 Rxb2 40. Rg2
Rxg2 0-1

[Event "Summer Cup"]
[Site "Wellington Chess Club"]
[Date "2022.02.10"]
[Round "2.19"]
[White "Hooper, John"]
[Black "Farrington, Lawrence"]
[Result "0-1"]
[WhiteElo "1081"]
[BlackElo "1647"]

1. d4 d6 2. c4 g6 3. g3 Nf6 4. Bg2 Bg7 5. Nf3 O-O 6. O-O Re8 7. Bg5 Nbd7 8. Qc1
e5 9. Bh6 Ng4 10. Bxg7 Kxg7 11. h3 Ngf6 12. Nc3 c6 13. Qc2 Qe7 14. e3 Ng8 15.
Rfe1 e4 16. Nd2 f5 17. d5 c5 18. Nb5 Ne5 19. f4 Nd3 20. Qc3+ Kf8 21. Rf1 b6 22.
a4 a5 23. b3 Ba6 24. Qh8 Bxb5 25. axb5 Qg7 26. Qxg7+ Kxg7 27. g4 Nb4 28. gxf5
gxf5 29. h4 h5 30. Bh3 Nh6 31. Kh1 Nc2 32. Ra2 Nxe3 33. Rg1+ Neg4 34. Nf1 Kf6
35. Ng3 Kg6 36. Bxg4 Nxg4 37. Nf1 Rh8 38. Ne3 Rag8 39. Rh2 Kf6 40. Rhg2 Rg6 41.
Rf1 Rhg8 42. Nxg4+ Rxg4 43. Rxg4 Rxg4 44. Rg1 Rxh4+ 45. Kg2 Rxf4 46. Rh1 Rg4+
47. Kf2 h4 48. Rh3 Ke5 49. Ke2 f4 50. Rh1 Kf5 51. Kf2 Kg5 52. Re1 e3+ 53. Ke2
Rg3 54. Rh1 Kg4 55. Kd3 h3 56. Rf1 Rf3 57. Rg1+ Rg3 58. Rf1 e2+ 59. Kxe2 Rxb3
60. Rg1+ Rg3 61. Re1 Re3+ 62. Kf1 Rxe1+ 63. Kxe1 0-1

[Event "Summer Cup"]
[Site "Wellington Chess Club"]
[Date "2022.02.10"]
[Round "2.20"]
[White "Darr, Samuel"]
[Black "Hupert, Leo"]
[Result "1-0"]
[WhiteElo "1581"]
[BlackElo "1149"]

1. e4 e5 2. Nf3 Nc6 3. Bc4 d6 4. Nc3 Bg4 5. d3 h6 6. Be3 Nf6 7. h3 Bh5 8. Qd2
Bxf3 9. gxf3 Nh5 10. O-O-O Qf6 11. Nd5 Qxf3 12. Nxc7+ Kd7 13. Nxa8 Be7 14. Nb6+
axb6 15. Bxb6 Bg5 16. Be3 Ng3 17. Rhe1 Nh5 18. Bxg5 hxg5 19. Qxg5 Nd4 20. Qe3
Qxe3+ 21. fxe3 Nc6 22. Bxf7 Nf6 23. Bg6 Rxh3 24. Bf5+ Ke7 25. Bxh3 1-0

[Event "Summer Cup"]
[Site "Wellington Chess Club"]
[Date "2022.02.17"]
[Round "3.1"]
[White "Croad, Nicolas"]
[Black "Forster, Bill"]
[Result "1-0"]
[WhiteElo "2449"]
[BlackElo "2034"]

1. e4 e5 2. Nf3 Nc6 3. Bc4 Bc5 4. c3 Nf6 5. d3 d6 6. O-O a5 7. d4 Ba7 8. Bg5
Bg4 9. Bb5 O-O 10. Bxc6 bxc6 11. dxe5 Bxf3 12. Qxf3 dxe5 13. Na3 Bc5 14. Nc4
Re8 15. Rad1 Bd6 16. Bxf6 gxf6 17. Rd3 Re6 18. Qh5 Kh8 19. Qxf7 Qg8 20. Qxg8+
Kxg8 21. Rfd1 Rb8 22. a4 Kf8 23. R1d2 Bc5 24. Nxa5 Ra8 25. Nb7 Bb6 26. Rd8+ Re8
27. Rxa8 Rxa8 28. Rd8+ 1-0

[Event "Summer Cup"]
[Site "Wellington Chess Club"]
[Date "2022.02.17"]
[Round "3.2"]
[White "Sole, Michael"]
[Black "Ker, Anthony"]
[Result "1-0"]
[WhiteElo "2004"]
[BlackElo "2441"]

1. e4 c5 2. Nf3 g6 3. d4 cxd4 4. Nxd4 Nc6 5. c4 Nf6 6. Nc3 d6 7. Be2 Nxd4 8.
Qxd4 Bg7 9. O-O O-O 10. Qd3 Be6 11. Be3 Nd7 12. b3 Nc5 13. Qc2 Bxc3 14. Qxc3
Nxe4 15. Qb2 f5 16. Bh6 Rf6 17. h4 Qb6 18. Be3 Qc6 19. Rfd1 a6 20. Rac1 Rc8 21.
f3 Ng3 22. Bd3 f4 23. Bd4 Rf7 24. c5 d5 25. b4 Bd7 26. a4 Qxa4 27. b5 Nf5 28.
Bf2 Ne3 29. Rd2 a5 30. g3 Bf5 31. Bxf5 Rxf5 32. Bxe3 fxe3 33. Rd4 Qc4 34. Rcxc4
dxc4 35. Qe2 Rfxc5 36. Qxe3 c3 37. Rd8+ Rxd8 38. Qxc5 Rd1+ 39. Kf2 b6 40. Qxc3
Rd6 41. Qe5 Kf7 42. Qh8 h5 43. Qe5 Rf6 44. Qd5+ Kg7 45. Kg2 Rd6 46. Qe5+ Kf7
47. Kh3 Rf6 48. Qd5+ Kg7 49. g4 hxg4+ 50. fxg4 Rd6 51. Qe4 Kf7 52. h5 gxh5 53.
Qh7+ Kf6 54. Qh6+ Kf7 55. Qxh5+ Kg7 56. Qg5+ Kf7 57. Qf5+ Kg7 58. g5 Rg6 59.
Kh4 Rd6 60. Kh5 Kg8 61. Qe4 Kf8 62. Qh7 Rd1 63. Qh8+ Kf7 64. g6+ Ke6 65. g7 1-0

[Event "Summer Cup"]
[Site "Wellington Chess Club"]
[Date "2022.02.17"]
[Round "3.3"]
[White "Dive, Russell"]
[Black "Van der Hoorn, Thomas"]
[Result "1-0"]
[WhiteElo "2388"]
[BlackElo "1942"]

1. Nf3 d5 2. d4 Nf6 3. c4 e6 4. Nc3 Be7 5. Bf4 O-O 6. e3 b6 7. cxd5 Nxd5 8.
Nxd5 exd5 9. Bd3 Ba6 10. O-O Bxd3 11. Qxd3 Nd7 12. Rfd1 Nf6 13. Rac1 c5 14.
dxc5 bxc5 15. Be5 Rc8 16. Qf5 Ne4 17. b3 Bf6 18. g4 h6 19. Bxf6 Nxf6 20. h4 g6
21. Qf4 Re8 22. g5 Nh5 23. Qa4 Qd6 24. Qg4 Qc6 25. gxh6 Re4 26. Qh3 f5 27. Kh2
Qd6+ 28. Kh1 Rf8 29. Rg1 f4 30. Qg4 Kh8 (30... Ng3+ $1 31. Kh2 (31. fxg3 fxe3
$19) 31... Ne2 32. Qxg6+ Qxg6 33. Rxg6+ Kh7 {unclear} ) 31. Ng5 Ree8 32. Rce1
fxe3 33. Rxe3 Rxe3 34. fxe3 d4 35. exd4 cxd4 36. Qe4 d3 $4 (36... Qf4) 37. Qb7
$1 Ng3+ 38. Kg2 Rf2+ 39. Kxf2 Qd4+ 40. Kg2 1-0

[Event "Summer Cup"]
[Site "Wellington Chess Club"]
[Date "2022.02.17"]
[Round "3.4"]
[White "Heyworth, Nicholas"]
[Black "Cilia Vincenti, David"]
[Result "1-0"]
[WhiteElo "1824"]
[BlackElo "2219"]

1. e4 c6 2. d4 d5 3. e5 c5 4. Nf3 cxd4 5. Nxd4 Nc6 6. Nxc6 bxc6 7. Be3 Nh6 8.
Bxh6 gxh6 9. Bd3 Bg7 10. Qe2 O-O 11. O-O f6 12. exf6 Bxf6 13. c4 e5 14. Nc3 e4
15. Bc2 Bxc3 16. bxc3 Qg5 17. cxd5 cxd5 18. f3 e3 19. Rad1 Kh8 20. Rfe1 Re8 21.
Qd3 Re7 22. Qxd5 Bb7 23. Qxg5 hxg5 24. Rd4 Rae8 25. Ba4 Rc8 26. c4 Ba6 27. Bb3
Kg7 28. Kf1 Rc6 29. Ke2 Bc8 30. Re4 Rxe4 31. fxe4 a5 32. Kxe3 a4 33. Bxa4 Rxc4
34. Bb3 Rb4 35. Rc1 Bb7 36. Rc4 Rb6 37. Rc5 h6 38. g3 Rb4 39. e5 Kg6 40. Rc4
Rb5 41. Bc2+ Kh5 42. Bd1+ Kg6 43. Bf3 Bxf3 44. Kxf3 Rxe5 45. Rc6+ Kg7 46. a4
Ra5 47. Rc4 Kf6 48. Ke4 Re5+ 49. Kd4 Rf5 50. Rc6+ Kg7 51. Ra6 Rf2 52. a5 Rxh2
53. Ke3 Ra2 54. Ra8 Ra3+ 55. Kf2 Kf6 56. a6 Kf5 57. a7 Kg4 58. Rh8 Rxa7 59.
Rxh6 Ra2+ 60. Kf1 Kxg3 61. Rg6 g4 62. Rg8 Ra1+ 63. Ke2 Rg1 64. Rg7 Kh2 65. Rh7+
Kg2 66. Rg7 g3 67. Rg8 Ra1 68. Rg7 Ra3 69. Rg8 Kg1 70. Rg7 g2 71. Rg8 Kh2 72.
Kf2 g1=Q+ 1-0

[Event "Summer Cup"]
[Site "Wellington Chess Club"]
[Date "2022.02.17"]
[Round "3.5"]
[White "Chen, Wei Kai"]
[Black "Rossiter, Philip"]
[Result "1-0"]
[WhiteElo "2007"]
[BlackElo "1756"]

1. b3 Nf6 2. Bb2 g6 3. e3 Bg7 4. f4 c5 5. Nf3 Nc6 6. Be2 d5 7. O-O O-O 8. Na3
Bg4 9. h3 Bxf3 10. Bxf3 Rc8 11. Qe1 a6 12. d3 b5 13. Rd1 e6 14. e4 Nd4 15. e5
Nd7 16. c4 Nxf3+ 17. Rxf3 b4 18. Nc2 Nb6 19. Ne3 d4 20. Ng4 h5 21. Nf2 Qd7 22.
Ne4 a5 23. g4 hxg4 24. hxg4 Qe7 25. g5 Ra8 26. Nf6+ Bxf6 27. gxf6 Qb7 28. Rh3
1-0

[Event "Summer Cup"]
[Site "Wellington Chess Club"]
[Date "2022.02.17"]
[Round "3.6"]
[White "Brockway, Andrew"]
[Black "Perrin, Brent"]
[Result "0-1"]
[WhiteElo "1778"]
[BlackElo "1859"]

1. e4 d5 2. exd5 Qxd5 3. Nc3 Qd8 4. d4 Nf6 5. Nf3 Bg4 6. Be2 e6 7. Be3 c6 8.
O-O Nbd7 9. Ne5 Bxe2 10. Qxe2 Be7 11. Rad1 O-O 12. Qf3 Re8 13. Ne4 Qa5 14. Nxd7
Nxd7 15. a3 Rad8 16. c3 Qd5 17. Rfe1 Nb6 18. Bc1 a5 19. Nd2 Bd6 20. Qxd5 cxd5
21. Nf3 Nc4 22. Nd2 a4 23. Nxc4 dxc4 24. Re2 Kf8 25. Rde1 Bc7 26. g3 Rd5 27.
Re4 Red8 28. Kf1 Rb5 29. R1e2 Rdd5 30. f4 h5 31. Kg2 g6 32. h4 Bd6 33. Kf3 Kg7
34. Rg2 Rb3 35. g4 hxg4+ 36. Kg3 Bxa3 37. bxa3 Rxc3+ 38. Kh2 Rxc1 39. Rg3 Rc2+
40. Rg2 Rc3 41. Rg3 Rb3 42. Ree3 Rxd4 43. Rc3 Kf6 0-1

[Event "Summer Cup"]
[Site "Wellington Chess Club"]
[Date "2022.02.17"]
[Round "3.8"]
[White "Winter, Ryan"]
[Black "Benitez, Edgar"]
[Result "1-0"]
[WhiteElo "2186"]
[BlackElo "1997"]

1. e4 e5 2. Nf3 Nc6 3. Bb5 a6 4. Ba4 Nf6 5. O-O Be7 6. Qe2 d6 7. c3 Bg4 8. d3
O-O 9. Rd1 b5 10. Bc2 Re8 11. Nbd2 Bf8 12. Nf1 h6 13. h3 Bh5 14. Ng3 Bg6 15.
Nh2 d5 16. Qf3 d4 17. Ne2 Bc5 18. a3 a5 19. Bb3 Rb8 20. Nf1 Nh5 21. g4 Qf6 22.
Nh2 Qxf3 23. Nxf3 Nf6 24. cxd4 Nxd4 25. Nexd4 Bxd4 26. Nxd4 exd4 27. Bf4 a4 28.
Ba2 Rbc8 29. Rac1 c5 30. f3 Nd7 31. Bd5 Ne5 32. Kf2 Kf8 33. Rc2 f6 34. Bxe5
fxe5 35. Rdc1 Rb8 36. Rxc5 b4 37. Bc6 Red8 38. Bxa4 bxa3 39. bxa3 Rb2+ 40. R1c2
Rdb8 41. Rxe5 Rxc2+ 42. Bxc2 Rb2 43. Rc5 Bf7 44. Kg3 Bb3 45. Bxb3 Rxb3 46. Rd5
Rxd3 47. h4 Kf7 48. h5 Rxa3 49. Rxd4 Kf6 50. Kf4 Ra5 51. Rd6+ Kf7 52. e5 Ra4+
53. Kf5 Ra5 54. Rd7+ Kf8 55. Ke6 Ra6+ 56. Rd6 Ra8 57. f4 Re8+ 58. Kf5 Kg8 59.
Kg6 Kf8 60. Rd7 Re6+ 61. Kh7 g5 62. hxg6 1-0

[Event "Summer Cup"]
[Site "Wellington Chess Club"]
[Date "2022.02.17"]
[Round "3.9"]
[White "Archer, Ollie"]
[Black "Sellen, Ian"]
[Result "1/2-1/2"]
[WhiteElo "1752"]
[BlackElo "2039"]

1. d4 d5 2. c4 e6 3. Nc3 Nf6 4. cxd5 exd5 5. Bg5 c6 6. e3 Be7 7. Bd3 h6 8. Bh4
Bg4 9. Qb3 Qb6 10. Nge2 Qxb3 11. axb3 Nbd7 12. f3 Be6 13. Nf4 O-O 14. Ke2 g5
15. Nxe6 fxe6 16. Bg3 Nh5 17. Bf2 e5 18. g4 exd4 19. gxh5 dxc3 20. bxc3 Ne5 21.
Bc2 Bc5 22. Bg3 Rae8 (22... Rxf3 23. Bxe5 Rxe3+ $17) 23. Raf1 Nd7 24. Bf2 Ne5
25. Bg3 Nd7 1/2-1/2

[Event "Summer Cup"]
[Site "Wellington Chess Club"]
[Date "2022.02.17"]
[Round "3.10"]
[White "Webster, Jamie"]
[Black "Langford, Josh"]
[Result "0-1"]
[WhiteElo "1742"]
[BlackElo "1986"]

1. e4 c6 2. d4 d5 3. e5 Bf5 4. h4 h5 5. Bd3 Bxd3 6. Qxd3 Qa5+ 7. Bd2 Qa6 8. e6
Qxd3 9. exf7+ Kxf7 10. cxd3 e6 11. Nf3 Bd6 12. O-O Nh6 13. Re1 Re8 14. Ng5+ Kf6
15. Nf3 Nf5 16. Bg5+ Kf7 17. Nbd2 Na6 18. a3 Nc7 19. Nb3 a5 20. Rac1 a4 21. Nc5
Ra7 22. Nd7 Nb5 23. Nde5+ Kg8 24. Be3 Raa8 25. Ng6 Kh7 26. Nge5 Be7 27. g3 Bf6
28. Nf7 Nbxd4 29. Nxd4 Nxd4 30. Bxd4 Bxd4 31. Rc2 Kg6 32. Ne5+ Kf5 33. Rce2 Ra5
34. Nf7 Kf6 35. Nd6 Re7 36. Nc8 Rd7 37. Rxe6+ Kf7 38. Nd6+ Kg8 39. R1e2 Ra6 40.
Nf5 Bf6 41. Kg2 Rb6 42. d4 Rb5 43. Nd6 Rb3 44. Rd2 c5 45. dxc5 Bxb2 46. Rxd5
Bxa3 47. Rxh5 Rd8 48. Re7 Rb8 49. Rg5 Bb2 50. Nf5 Bf6 51. Nh6+ Kh7 0-1

[Event "Summer Cup"]
[Site "Wellington Chess Club"]
[Date "2022.02.17"]
[Round "3.11"]
[White "Scott, Callum"]
[Black "Young, Cohen"]
[Result "0-1"]
[WhiteElo "1690"]
[BlackElo "1982"]

1. c4 e5 2. Nc3 Nf6 3. Nf3 Nc6 4. g3 d5 5. cxd5 Nxd5 6. Bg2 Nxc3 7. bxc3 e4 8.
Ng1 Bf5 9. Qc2 Qd5 10. e3 Ne5 11. Ne2 Nd3+ 12. Kf1 Qc4 13. Kg1 Ne1 14. Qd1 Nxg2
15. Kxg2 Bg4 16. Re1 Bf3+ 17. Kg1 g5 18. Rb1 b6 19. Qb3 Qxb3 20. Rxb3 c5 21. h3
O-O-O 22. c4 h5 23. Nc3 h4 24. g4 f5 25. Kh2 Bd6+ 26. Kg1 fxg4 27. Nxe4 Bxe4
28. d4 gxh3 29. f4 g4 30. Kh2 Bg2 31. Rb2 g3+ 32. Kg1 Be4 33. Rh2 gxh2+ 34.
Kxh2 cxd4 0-1

[Event "Summer Cup"]
[Site "Wellington Chess Club"]
[Date "2022.02.17"]
[Round "3.12"]
[White "Zaslow, Henry"]
[Black "Ashe, Michael"]
[Result "1-0"]
[WhiteElo "1932"]
[BlackElo "1675"]

1. e4 c6 2. d4 d5 3. e5 Bf5 4. h4 h5 5. Bd3 Bxd3 6. Qxd3 Qa5+ 7. Nd2 e6 8. Nf3
c5 9. dxc5 Bxc5 10. O-O Nd7 11. c4 Ne7 12. Re1 Qc7 13. a3 a5 14. cxd5 Nxd5 15.
Ne4 Nxe5 16. Nxe5 Qxe5 17. Qb5+ 1-0

[Event "Summer Cup"]
[Site "Wellington Chess Club"]
[Date "2022.02.17"]
[Round "3.13"]
[White "Farrington, Lawrence"]
[Black "Wevers, Alexis"]
[Result "0-1"]
[WhiteElo "1647"]
[BlackElo "1837"]

1. e4 c5 2. Nf3 d6 3. Bb5+ Bd7 4. Bxd7+ Qxd7 5. O-O Nf6 6. Nc3 Nc6 7. d4 cxd4
8. Nxd4 g6 9. Be3 Bg7 10. f3 O-O 11. Qd2 Rfd8 12. Rfd1 Ne5 13. b3 d5 14. exd5
Nxd5 15. Nxd5 Qxd5 16. c3 Rac8 17. Rac1 Qa5 18. c4 Qc7 19. Qe2 a6 20. Bf4 Nxf3+
21. Qxf3 Bxd4+ 22. Rxd4 Qc5 23. Be3 Rxd4 24. Rf1 f6 25. Bxd4 Qxd4+ 26. Kh1 Rc7
27. Rd1 Qe5 28. Rd8+ Kg7 29. Qd1 Rc6 30. h3 Rd6 31. Rxd6 Qxd6 32. Qf3 Qc6 33.
Qe2 e5 34. Kg1 h5 35. Kf2 e4 36. Kf1 f5 37. Qd2 Qe6 38. Qd4+ Kf7 39. Qd8 e3 40.
Ke2 Qf6 41. Qxf6+ Kxf6 42. Kxe3 Ke5 43. g3 g5 44. b4 b6 45. a4 a5 46. c5 axb4
47. cxb6 Kd6 48. Kd4 f4 49. gxf4 gxf4 50. a5 Kc6 51. Ke4 b3 52. Kxf4 b2 53. Kg5
b1=Q 54. Kxh5 Qf5+ 55. Kh4 Qg6 56. a6 Kxb6 57. a7 Qh6+ 58. Kg4 Kxa7 59. h4 Kb6
60. h5 Kc5 61. Kh4 0-1

[Event "Summer Cup"]
[Site "Wellington Chess Club"]
[Date "2022.02.17"]
[Round "3.14"]
[White "Cooke, Xandi"]
[Black "Winsley, Daniel"]
[Result "1-0"]
[WhiteElo "1535"]
[BlackElo "1808"]

1. d4 d5 2. c4 c6 3. cxd5 cxd5 { Yes, I know its boring. } 4. Nf3 Nf6 5. Nc3
Nc6 6. Bf4 Bd7 7. e3 a6 8. a3 Rc8 9. Bd3 e6 10. O-O Be7 11. Rc1 Nh5 12. Bg3 O-O
13. e4 Nxg3 14. hxg3 dxe4 15. Bxe4 Qb6 16. Na4 Qa5 17. Nc5 Bxc5 18. dxc5 Rfd8
19. Qb3 Rc7 $2 20. Ng5 h6 21. Nf3 (21. Bh7+ Kf8 22. Nxf7 Kxf7 23. Qf3+ Ke7 { I
spent ages pondering this idea, it actually does secure a draw after b4,
however in this line I disregarded that and thought I would just lose } 24. b4
Nxb4 25. Qc3 Rxc5 26. Qxg7+) 21... Ne7 $2 { I think this knight did a good job
there and moving it away did more damage than good. } 22. Qe3 f5 $4 23. b4 Qb5
24. Bd3 Qc6 25. Ne5 Qd5 26. Bc4 Qe4 27. Qxe4 fxe4 28. Nxd7 Nd5 29. Ne5 { From
here on, I have about 8-10 minutes for the rest of my moves, so I had to play
quick, and probably not ideal moves. } 29... Kh7 30. Rfe1 Nf6 31. Rcd1 Re8 32.
Rd6 Rce7 33. Ba2 Nd5 34. Bb1 Nc3 35. Bxe4+ Nxe4 36. Rxe4 g5 37. Nf3 Kg6 38. Nd4
Kf6 39. f4 Kf7 40. c6 bxc6 41. Rxc6 { Black Resigns 1-0. } 1-0

[Event "Summer Cup"]
[Site "Wellington Chess Club"]
[Date "2022.02.17"]
[Round "3.16"]
[White "Malcolm, Aidan"]
[Black "Jones, Christopher"]
[Result "1-0"]
[WhiteElo "1700"]
[BlackElo "1531"]

1. e4 e5 2. Nf3 Nc6 3. Bc4 Nf6 4. d3 Bc5 5. c3 O-O 6. O-O d6 7. b4 Bb6 8. a4 a6
9. Nbd2 Be6 10. Bxe6 fxe6 11. Nc4 Ba7 12. Qb3 Qe8 13. Ra2 Kh8 14. b5 axb5 15.
axb5 Ne7 16. Bg5 h6 17. Bxf6 gxf6 18. Rfa1 Nc8 19. b6 cxb6 20. Nxd6 Nxd6 21.
Rxa7 Rxa7 22. Rxa7 b5 23. Qa3 Qc6 24. Nh4 Kg7 25. Qb3 Kf7 26. Qd1 Rg8 27. Qh5+
Ke7 28. Qxh6 Qxc3 29. Qh7+ Kf8 30. Ra8+ Nc8 31. g3 Rg7 32. Qh8+ 1-0

[Event "Summer Cup"]
[Site "Wellington Chess Club"]
[Date "2022.02.17"]
[Round "3.17"]
[White "Carlyle, Mathieson"]
[Black "Vachon, Mia"]
[Result "1/2-1/2"]
[WhiteElo "1622"]
[BlackElo "1191"]

1. e4 c5 2. Nc3 e6 3. Bb5 a6 4. Be2 Nc6 5. f4 d6 6. Nf3 e5 7. f5 Nf6 8. O-O b5
9. d3 Be7 10. Qe1 h6 11. Nd5 c4 12. Nxe7 Qxe7 13. Qg3 Nh5 14. Qg4 Nf6 15. Qxg7
Rh7 16. Qg3 Bb7 17. dxc4 b4 18. Bd3 O-O-O 19. Qe1 Rg8 20. h3 Rhg7 21. Rf2 d5
22. cxd5 Qc5 23. Be3 Nd4 24. Bxd4 exd4 25. a3 Qd6 26. Qxb4 Qf4 27. Qxd4 Rg3 28.
Bxa6 Bxa6 29. Qc3+ Kb7 30. Qc6+ Ka7 31. Qxf6 Rxg2+ 32. Kh1 Rxf2 33. Qd4+ Ka8
34. Qxf2 Rg3 35. Rg1 Rxh3+ 36. Qh2 Qxf3+ 37. Rg2 Rxh2+ (37... Bf1 38. Qxh3
Qxh3+ 39. Rh2 Qg3 40. b4 Qe1 41. Rxh6 Qxe4+ 42. Kh2 Qg2#) 38. Kxh2 Bf1 39. Rg8+
Ka7 40. Kg1 Be2 41. d6 Qf1+ 42. Kh2 Qf4+ 43. Kg2 Qxd6 44. Rg7 Qe5 45. Rxf7+ Kb6
46. Kf2 Qh2+ 47. Ke3 Bd1 48. Rh7 Qe2+ 49. Kd4 Qd2+ 50. Ke5 Bxc2 51. Rh8 Qa5+
52. Kf4 Qd2+ 53. Ke5 Kb5 54. Rb8+ Kc4 55. Rb4+ Kc5 56. f6 Qd6+ 57. Kf5 Qd7+ 58.
Kg6 Qe6 59. Kg7 Bxe4 60. f7 Qg4+ 61. Kh8 Qf5 62. Rxe4 Qxf7 63. b4+ Kd5 64. Re3
Kc4 65. Re1 Qf6+ 66. Kh7 Qb2 67. Kxh6 Qxa3 68. Re4+ Kd5 69. Rg4 Qe3+ 70. Kh5
Qf3 71. Kh4 Qf2+ {Draw agreed (black is winning)} 1/2-1/2

[Event "Summer Cup"]
[Site "Wellington Chess Club"]
[Date "2022.02.17"]
[Round "3.18"]
[White "Lynch, Oscar"]
[Black "Hupert, Leo"]
[Result "0-1"]
[WhiteElo "1555"]
[BlackElo "1149"]

1. d4 d5 2. c4 e6 3. Nf3 Bd7 4. Bg5 f6 5. Bf4 c5 6. e3 Bc6 7. Bd3 Nd7 8. O-O
Ne7 9. dxc5 Nxc5 10. cxd5 Qxd5 11. Bc2 Qxd1 12. Rxd1 e5 13. Bg3 Rd8 14. Rxd8+
Kxd8 15. Nc3 Kc7 16. e4 b5 17. b4 Ne6 18. Bb3 Nf4 19. Bxf4 exf4 20. Nd5+ Nxd5
21. exd5 Bd7 22. Rc1+ Kb6 23. a3 a5 24. bxa5+ Kxa5 25. Ra1 Bc5 26. Nd2 Re8 27.
Kf1 Bf5 28. a4 Bd3+ 29. Kg1 Bd4 30. Rc1 Re2 31. h3 Bxf2+ 32. Kh2 Bg3+ 33. Kg1
Rxd2 34. axb5 Kxb5 35. d6 Be4 36. Bc4+ Kb6 37. d7 Rxd7 38. Rc3 Rd1+ 39. Bf1 Rd2
40. Rxg3 fxg3 41. Bc4 Rxg2+ 42. Kf1 Rc2 43. Be2 g2+ 44. Ke1 g1=Q+ 45. Bf1 Qf2+
46. Kd1 Qd2# 0-1

[Event "Summer Cup"]
[Site "Wellington Chess Club"]
[Date "2022.02.17"]
[Round "3.19"]
[White "Qu, Lucas"]
[Black "Hooper, John"]
[Result "1-0"]
[WhiteElo "1289"]
[BlackElo "1081"]

1. f4 d5 2. Nf3 Nc6 3. c4 e6 4. d4 Nf6 5. e3 Ne4 6. Nc3 Bb4 7. Bd2 Bxc3 8. Bxc3
O-O 9. h4 Ng3 10. Rh2 Nf5 11. Bd3 Nxe3 12. Qe2 Ng4 13. Rh3 Nh6 14. Rg3 e5 15.
O-O-O exf4 16. Rg5 f5 17. cxd5 Ne7 18. Bb4 Re8 19. Bc4 Kh8 20. Re1 Nhg8 21. Ne5
h6 22. Nf7+ Kh7 23. Nxd8 Rxd8 24. Bxe7 Re8 25. Qh5 Nxe7 26. Qxe8 hxg5 27. Rxe7
gxh4 28. Rxc7 Kh6 29. Rxc8 Rxc8 30. Qxc8 Kg5 31. d6 f3 32. gxf3 h3 33. d7 Kf4
34. d8=Q 1-0

[Event "Summer Cup"]
[Site "Wellington Chess Club"]
[Date "2022.02.24"]
[Round "4.1"]
[White "Cilia Vincenti, David"]
[Black "Croad, Nicolas"]
[Result "1-0"]
[WhiteElo "2219"]
[BlackElo "2449"]

1. d4 Nf6 2. Nf3 e6 3. e3 d5 4. Bd3 c5 5. b3 Nc6 6. a3 Be7 7. dxc5 e5 8. Be2
Bxc5 9. Bb2 Bd6 10. c4 dxc4 11. Bxc4 O-O 12. Nbd2 Bf5 13. O-O e4 14. Nh4 Bxh2+
15. Kh1 Ng4 16. Nxf5 Qg5 17. f3 Nxe3 18. Nxe3 Bg3 19. Ng4 Rad8 20. Nxe4 Qh4+
21. Kg1 Rxd1 22. Raxd1 Bc7 23. Rd7 Bb6+ 24. Ngf2 Na5 25. Bd5 Rd8 26. Bxf7+ Kf8
27. Rfd1 Nc6 28. Bc4 Ke8 29. Rxd8+ Nxd8 30. Bxg7 h5 31. Nf6+ Ke7 32. Rd7# 1-0

[Event "Summer Cup"]
[Site "Wellington Chess Club"]
[Date "2022.02.24"]
[Round "4.2"]
[White "Sole, Michael"]
[Black "Dive, Russell"]
[Result "0-1"]
[WhiteElo "2004"]
[BlackElo "2388"]

1. e4 e5 2. Nf3 d6 3. d4 Nd7 4. Nc3 c6 5. a4 a5 6. Bc4 Be7 7. O-O h6 8. Re1 Qc7
9. Ba2 Nf8 10. Ne2 g5 11. c3 Ng6 12. Ng3 g4 13. Nd2 h5 14. Nc4 Nf4 15. dxe5
dxe5 16. Nf5 Bxf5 17. Bxf4 exf4 18. exf5 Rh6 19. Qd4 Rf6 20. Re5 Kf8 21. Rae1
Bd6 22. Nxd6 Qxd6 23. Qxf4 Rd8 24. Qe3 Nh6 25. Rxa5 Nxf5 26. Qc5 Qxc5 27. Rxc5
Rd2 28. Rce5 Rxb2 29. R5e2 Rxe2 30. Rxe2 Rd6 31. Kf1 Nh4 32. Rb2 Rd1+ 33. Ke2
Rd7 34. Kf1 Ke7 35. h3 Kf6 36. hxg4 hxg4 37. Rb4 Kg5 38. Rd4 Re7 39. Bc4 Nf5
40. Rd2 Nh4 41. Rd4 f5 42. Be2 Nxg2 43. Bxg4 Nf4 44. Bf3 Re5 45. Rb4 Rc5 46. c4
Nd3 47. Rxb7 Rxc4 48. Be2 Rc1+ 49. Bd1 Rxd1+ 50. Ke2 Nc5 51. f4+ Kf6 52. Rb6
Ra1 53. Rxc6+ Ne6 54. Rc4 Ke7 55. Kd3 Kd6 56. Kc2 Kd5 57. Rb4 Nc5 58. Kb2 Rxa4
0-1

[Event "Summer Cup"]
[Site "Wellington Chess Club"]
[Date "2022.02.24"]
[Round "4.3"]
[White "Perrin, Brent"]
[Black "Chen, Wei Kai"]
[Result "1/2-1/2"]
[WhiteElo "1859"]
[BlackElo "2007"]

1. e4 e5 2. Nf3 Nc6 3. Bb5 Nf6 4. O-O Bc5 5. d3 d6 6. h3 h6 7. c3 O-O 8. Be3
Bb6 9. Bxb6 axb6 10. Nbd2 Nh7 11. d4 exd4 12. cxd4 Ng5 13. Re1 Qf6 14. e5 dxe5
15. dxe5 Qf4 16. Nxg5 Qxg5 17. Nf3 Qf4 18. a3 Rd8 19. Qe2 Be6 20. Qe3 Qxe3 21.
Rxe3 Nd4 22. Bd3 c5 23. Be4 Nxf3+ 24. Bxf3 Rd2 25. Re2 Rad8 26. Rxd2 Rxd2 27.
Bxb7 Rxb2 28. Rd1 c4 29. Be4 g5 30. Rb1 Ra2 31. Rxb6 Rxa3 32. Kf1 Ra5 33. Rc6
Rxe5 34. Bf3 Kg7 1/2-1/2

[Event "Summer Cup"]
[Site "Wellington Chess Club"]
[Date "2022.02.24"]
[Round "4.4"]
[White "Ker, Anthony"]
[Black "Winsley, Nicholas"]
[Result "1-0"]
[WhiteElo "2441"]
[BlackElo "1829"]

1. e4 e5 2. Nf3 Nf6 3. Nxe5 d6 4. Nf3 Nxe4 5. Nc3 Nxc3 6. dxc3 Be7 7. Be3 Bg4
8. h3 Bh5 9. g4 Bg6 10. Bg2 Nc6 11. Qd2 Qd7 12. O-O-O O-O-O 13. Nd4 Ne5 14. b3
h5 15. f4 hxg4 16. fxe5 dxe5 17. Nc6 Ba3+ 18. Kb1 Qxd2 19. Nxa7+ Kb8 20. Rxd2
Rxd2 21. Bxd2 Kxa7 22. hxg4 Rxh1+ 23. Bxh1 Bc5 24. b4 Bf2 25. c4 Bh7 26. Kc1 f6
27. Kd1 c6 28. Ke2 Bg1 29. c3 Bg8 30. Kd3 b5 31. Bxc6 Bxc4+ 32. Ke4 Kb6 33. Bd5
Bf1 34. Be3+ Bxe3 35. Kxe3 Kc7 36. Bb3 Bg2 37. a4 bxa4 38. Bxa4 Bc6 39. Bxc6
Kxc6 40. c4 g6 41. Ke4 Kd6 42. c5+ Kc6 43. g5 f5+ 44. Kxe5 Kc7 45. b5 Kb7 46.
c6+ Kc7 47. Kd5 Kd8 48. b6 Kc8 49. c7 Kd7 50. Kc5 1-0

[Event "Summer Cup"]
[Site "Wellington Chess Club"]
[Date "2022.02.24"]
[Round "4.5"]
[White "Symon, Christopher"]
[Black "Winter, Ryan"]
[Result "0-1"]
[WhiteElo "1888"]
[BlackElo "2186"]

1. d4 Nf6 2. c4 e6 3. Nc3 Bb4 4. Nf3 d5 5. cxd5 exd5 6. g3 c6 7. Bg2 O-O 8. O-O
Re8 9. Re1 h6 10. Qc2 Nbd7 11. a3 Bd6 12. e3 a5 13. Bd2 Nb6 14. b3 Bd7 15. a4
Qc8 16. e4 dxe4 17. Nxe4 Nxe4 18. Rxe4 Rxe4 19. Qxe4 Be6 20. Qd3 Bf5 21. Qe2
Qf8 22. Re1 Be6 23. Qd3 Bb4 24. h3 Rd8 25. Re5 Nd7 26. Rh5 Nf6 27. Rxa5 Bxa5
28. Bxa5 Ra8 29. Bd2 Qa3 30. Ne5 Qxb3 0-1

[Event "Summer Cup"]
[Site "Wellington Chess Club"]
[Date "2022.02.24"]
[Round "4.6"]
[White "Forster, Bill"]
[Black "Zaslow, Henry"]
[Result "0-1"]
[WhiteElo "2034"]
[BlackElo "1932"]

1. e4 e5 2. Nf3 f5 {I was very happy to see this, not because I know anything
about the Latvian Gambit, but because it guarantees a fun game. I know two good
Latvian Gambit stories, I shared them on the NZCF front page, 2020 or 2021 I
think.} 3. Nxe5 Qf6 4. Nc4 fxe4 5. Nc3 Qf7 6. d4 Nf6 7. Be2 d5 8. Ne5 Qe6 9.
O-O $6 Bd6 10. f3 Bxe5 11. dxe5 Qxe5 12. fxe4 dxe4 13. Rxf6 $6 {White has
decent compensation and didn't need to go all in like this} 13... Qxf6 14. Bh5+
g6 15. Nd5 Qf7 16. Qd4 O-O 17. Bh6 Nc6 $1 {Of course. I saw this too late, the
rest is ashes, as they say}  ( {My idea was} 17... gxh5 18. Bxf8 {and Black
cannot recapture either way, but even then} 18... Nc6 $1 {saves Black} ) 18.
Qc5 gxh5 19. Bxf8 Qxf8 20. Qc3 Qg7 21. Nf6+ Kh8 22. Rf1 Be6 0-1